Los Privilegios de la Vista III

Uloženo v:
Podrobná bibliografie
Hlavní autor: Paz, Octavio
Médium: Kniha
Jazyk:Undetermined
Vydáno: México, Distrito Federal Fondo de Cultura Económica 1989
Vydání:2
Témata:
Tagy: Přidat tag
Žádné tagy, Buďte první, kdo vytvoří štítek k tomuto záznamu!

MARC

LEADER 00000nam a2200000Ia 4500
008 170316s9999 xx 000 0 und d
040 |a cru BVZT 
090 |a 860 P-13pr 
100 |a Paz, Octavio 
245 |a Los Privilegios de la Vista III 
250 |a 2 
260 |a México, Distrito Federal 
260 |b Fondo de Cultura Económica 
260 |c 1989 
300 |a 312 páginas 
650 |a LITERATURA LATINOAMERICANA 
999 |c 9071  |d 9071 
942 |c 15 D  |h 860 P-13pr  |2 z